000
00510nam a2200181Ia 4500
008
090123s9999 xx 000 0 und d
082
_b
26416
100
_a
प्रभावळकर दिलिप
245
_a
हसगत
250
_a
0
260
_b
लताली प्रकाशन
300
_a
221
600
_a
प्रभावळकर दिलिप
630
_a
हसगत
700
_a
प्रभावळकर दिलिप
730
_a
हसगत
942
_c
BOOK
999
_c
64485
_d
64485